Managing materials in industry (Record no. 25507)

MARC details
000 -LEADER
fixed length control field 00328nam a2200133Ia 4500
082 ## - DEWEY DECIMAL CLASSIFICATION NUMBER
Classification number 658.286
Item number BAI
100 ## - MAIN ENTRY--AUTHOR NAME
Personal name Farmer, Peter
245 #0 - TITLE STATEMENT
Title Managing materials in industry
260 ## - PUBLICATION, DISTRIBUTION, ETC. (IMPRINT)
Place of publication London
Name of publisher Gower
Year of publication 1972
650 ## - SUBJECT ADDED ENTRY--TOPICAL TERM
Topical Term Materials management
700 ## - ADDED ENTRY--PERSONAL NAME
Personal name David
942 ## - ADDED ENTRY ELEMENTS (KOHA)
Koha item type Books
Holdings
Withdrawn status Lost status Damaged status Not for loan Home library Current library Date acquired Cost, normal purchase price Full call number Accession Number Koha item type
        RRII Library RRII Library 16/12/2021 16.50 658.286 BAI 06164 Books